| 000 | 00558nam a2200229 a 4500 | ||
|---|---|---|---|
| 001 | nice12345678 | ||
| 003 | IN_TiNIC | ||
| 005 | 20260116012820.0 | ||
| 008 | 050524s1987 gena grp 000 0 eng | ||
| 020 |
_a2825405 _c100 |
||
| 082 | 0 | 0 |
_a289.98 _bBRO |
| 100 | _aBrockway, Allan | ||
| 245 | _aNew Religious Movements and the Churches | ||
| 260 |
_aGeneva _bWCC _c1987 |
||
| 300 | _a200p | ||
| 500 | _aincludes index and biblioraphy | ||
| 505 | 2 | _aAppendix | |
| 650 | _aChristian-Sects | ||
| 902 | _bSRS | ||
| 942 | _cBK | ||
| 999 |
_c8491 _d8491 |
||